000 00495nam a2200169 i 4500
001 30727
003 ES-MaACL
005 20230906154237.0
007 t|
008 030127s1963 sp ||||1| spa d
100 1 _aBell, Clive.
_927173
245 1 4 _aLos impresionistas franceses /
_cpor Clive Bell ; [traducción José Milicua].
260 _aBarcelona :
_bNoguer,
_c[1963]
300 _a14 p., 51 lám. ;
_c31 cm.
700 1 _aMilicua, José.
_981113
852 _aES-MaACL
_jC-25275
_bR.54232
999 _c30727
_d30727